Counties Italy Invaded during WW2 - Statistics

General Stats
  • This quiz has been taken 29 times
  • The average score is 6 of 7
Answer Stats
Hint Answer % Correct
4 Greece
92%
2 France
88%
5 Albania
84%
7 Ethiopia
84%
3 Yugoslavia
84%
1 UK
64%
6 Soviet Union
56%
No matching quizzes found
Score Distribution
Percent of People with Each Score
Percentile by Number Answered
Your Score History
You have not taken this quiz